Statistics for Expelled Members of the US House of Representatives

Click here to take the quiz!

General Stats

  • This quiz has been taken 6 times
  • The average score is 1 of 6

Answer Stats

YearReasonAnswer% Correct
2023Alleged misuse of campaign fundsGeorge Santos
100%
2002Convicted of several crimes, including briberyJames Traficant
17%
1980Convicted of briberyMichael Myers
17%
1861Fighting for the ConfederacyHenry Burnett
0%
1861Fighting for the ConfederacyJohn Clark
0%
1861Fighting for the ConfederacyJohn Reid
0%

Score Distribution

Percentile by Number Answered

Percent of People with Each Score

Your Score History

You have not taken this quiz